[Event "66th POL-ch (w)"]
[Site "Warsaw POL"]
[Date "2014.03.25"]
[Round "1"]
[White "Bartel, Marta"]
[Black "Rajlich, Iweta"]
[Result "1-0"]
[WhiteElo "2342"]
[BlackElo "2400"]
[EventDate "2014.03.25"]
[PlyCount "152"]

1.Nf3 d6 2.d4 Bg4 3.e3 e6 4.Be2 c6 5.c4 Nd7 6.Nc3 d5 7.Qb3 Qb6 8.O-O Ngf6 
9.h3 Bh5 10.Qxb6 axb6 11.g4 Bg6 12.cxd5 Nxd5 13.Bd2 Be7 14.h4 h6 15.a3 Bh7
16.Nxd5 exd5 17.Bb4 Bxb4 18.axb4 Ke7 19.Rfc1 b5 20.b3 f6 21.Ne1 Bg6 22.Bd3
Bf7 23.Bf5 h5 24.g5 fxg5 25.Bxd7 Kxd7 26.hxg5 Ke6 27.Nf3 Kf5 28.Ne5 Be6 
29.Kh2 h4 30.Ra5 h3 31.g6 Kf6 32.Rca1 Rxa5 33.Rxa5 Rh5 34.f4 Rh8 35.Ra7 
Rb8 36.Kg3 Bf5 37.Kh2 Ke6 38.Nf3 Kf6 39.Ne5 Be6 40.Kg3 Rh8 41.Kh2 Rb8 42.
Kg3 Bc8 43.Ra2 Bf5 44.Ra7 Rh8 45.Kh2 Be6 46.Ra1 Kf5 47.Ra7 Ke4 48.Rxb7 Ra8
49.Rxg7 Ra2+ 50.Kh1 Kxe3 51.Rf7 Bxf7 52.gxf7 Ra8 53.Nd7 Kxd4 54.f5 Ke4 55.
Nf6+ Kf3 56.Kh2 Rf8 57.Nd7 Rxf7 58.Ne5+ Ke4 59.Nxf7 Kxf5 60.Kxh3 Ke4 61.
Kg2 d4 62.Kf2 Kd3 63.Ne5+ Kc2 64.Ke2 Kxb3 65.Nxc6 Kc4 66.Kd2 Kd5 67.Na5 
Ke4 68.Nb3 d3 69.Nc5+ Kd4 70.Nxd3 Kc4 71.Kc2 Kd4 72.Nb2 Ke3 73.Kc3 Ke4 74.
Nd3 Kd5 75.Nf4+ Ke5 76.Ne2 Kd5 1-0

[Event "66th POL-ch (w)"]
[Site "Warsaw POL"]
[Date "2014.03.25"]
[Round "1"]
[White "Jakubiec, Edyta"]
[Black "Worek, Joanna"]
[Result "1-0"]
[WhiteElo "2218"]
[BlackElo "2346"]
[EventDate "2014.03.25"]
[PlyCount "75"]

1.e4 c5 2.Nf3 e6 3.d4 cxd4 4.Nxd4 Nf6 5.Nc3 d6 6.f4 Be7 7.Be3 a6 8.Qf3 Qc7
9.O-O-O O-O 10.g4 b5 11.g5 Nfd7 12.Nf5 Nc6 13.Nxe7+ Nxe7 14.Qf2 Bb7 15.a3 
d5 16.exd5 Nxd5 17.Nxd5 Bxd5 18.Rg1 Rfc8 19.Bd3 Qb7 20.Bd4 b4 21.axb4 Qxb4
22.Bxh7+ Kxh7 23.g6+ fxg6 24.f5 exf5 25.Bxg7 Nb6 26.Bd4 Rxc2+ 27.Qxc2 Rc8 
28.Bc3 Qf4+ 29.Qd2 Qa4 30.Qd4 Rxc3+ 31.Qxc3 Qf4+ 32.Qd2 Qc4+ 33.Qc3 Qf4+ 
34.Kb1 Qe4+ 35.Ka1 Bf7 36.Rd4 Qe7 37.Re1 Qf6 38.Qc5 1-0

[Event "66th POL-ch (w)"]
[Site "Warsaw POL"]
[Date "2014.03.25"]
[Round "1"]
[White "Kulon, Klaudia"]
[Black "Iwanow, Anna"]
[Result "1-0"]
[WhiteElo "2308"]
[BlackElo "2208"]
[EventDate "2014.03.25"]
[PlyCount "59"]

1.e4 c5 2.Nf3 e6 3.d4 cxd4 4.Nxd4 Nc6 5.Nc3 Qc7 6.Be3 Nf6 7.f3 a6 8.Qd2 h5
9.O-O-O Be7 10.Kb1 d6 11.Bd3 Na5 12.h3 h4 13.Bg5 b5 14.Qe1 Bb7 15.Bxh4 
Nxe4 16.Ncxb5 axb5 17.Bxb5+ Kf8 18.Bxe7+ Kxe7 19.fxe4 Nc4 20.Rf1 Ne5 21.
Qg3 Rhg8 22.Qg5+ f6 23.Qe3 Rgb8 24.a4 Ba6 25.Qb3 Bc8 26.g4 Qb7 27.g5 Qxe4 
28.gxf6+ gxf6 29.Qg3 Qh7 30.Nc6+ 1-0

[Event "66th POL-ch (w)"]
[Site "Warsaw POL"]
[Date "2014.03.25"]
[Round "1"]
[White "Socko, Monika"]
[Black "Adamowicz, Katarzyna"]
[Result "1-0"]
[WhiteElo "2446"]
[BlackElo "2145"]
[EventDate "2014.03.25"]
[PlyCount "77"]

1.d4 Nf6 2.c4 g6 3.Nc3 Bg7 4.Nf3 O-O 5.g3 d6 6.Bg2 c6 7.O-O Qa5 8.e4 Bg4 
9.h3 Bxf3 10.Bxf3 e5 11.Be3 Nbd7 12.a3 Qc7 13.Bg2 Ne8 14.dxe5 dxe5 15.Qd3 
Nef6 16.Rad1 Rfd8 17.Qe2 Nf8 18.f4 Ne6 19.Qf2 b6 20.f5 Nd4 21.g4 Ne8 22.h4
Nf6 23.Qg3 Rac8 24.Bg5 Rf8 25.Rf2 Qd6 26.Rdf1 h6 27.Bxf6 Bxf6 28.g5 Be7 
29.f6 Bd8 30.Bh3 Rb8 31.h5 Kh7 32.hxg6+ fxg6 33.Qh4 h5 34.Bf5 Nxf5 35.exf5
Qd4 36.Qh3 Qd6 37.fxg6+ Kxg6 38.Qf5+ Kf7 39.Rd1 1-0

[Event "66th POL-ch (w)"]
[Site "Warsaw POL"]
[Date "2014.03.25"]
[Round "1"]
[White "Zawadzka, Jolanta"]
[Black "Szczepkowska-Horowska, Karina"]
[Result "1-0"]
[WhiteElo "2394"]
[BlackElo "2396"]
[EventDate "2014.03.25"]
[PlyCount "109"]

1.e4 e5 2.Nf3 Nc6 3.Bb5 a6 4.Ba4 Nf6 5.O-O Be7 6.Re1 b5 7.Bb3 d6 8.c3 O-O 
9.h3 Nb8 10.d4 Nbd7 11.c4 Bb7 12.Nc3 b4 13.Nd5 a5 14.Bc2 Re8 15.a3 bxa3 
16.Rxa3 Bf8 17.Bd2 c6 18.Nxf6+ Nxf6 19.d5 Nd7 20.Qa1 Qc8 21.Rc1 f5 22.Rxa5
Nf6 23.Rxa8 Bxa8 24.Qb1 Qa6 25.b4 fxe4 26.Bxe4 cxd5 27.cxd5 Nxe4 28.Qxe4 
Be7 29.Bg5 Bf8 30.Nd4 Qa2 31.Nc6 Bb7 32.Be3 Ra8 33.Kh2 Qb3 34.Rb1 Qa2 35.
Rd1 Qa4 36.Rd2 Qb5 37.Na5 Ba6 38.Nc6 Bb7 39.h4 Ra4 40.Rc2 Ra1 41.Qf3 Qd3 
42.Rd2 Qc4 43.Bg5 Bxc6 44.dxc6 e4 45.Qf5 Qxc6 46.Qe6+ Kh8 47.Rd4 Ra8 48.
Rxe4 Qc2 49.Be3 Qd3 50.Bd4 Qb5 51.Rg4 Qh5 52.Qd7 Qh6 53.b5 d5 54.g3 Rb8 
55.Qf7 1-0

[Event "66th POL-ch (w)"]
[Site "Warsaw POL"]
[Date "2014.03.26"]
[Round "2"]
[White "Adamowicz, Katarzyna"]
[Black "Bartel, Marta"]
[Result "1-0"]
[WhiteElo "2145"]
[BlackElo "2342"]
[EventDate "2014.03.25"]
[PlyCount "73"]

1.e4 g6 2.d4 Bg7 3.Nc3 a6 4.a4 d6 5.f4 Nd7 6.Nf3 b6 7.Bc4 e6 8.O-O Ne7 9.
f5 gxf5 10.Ng5 Nf6 11.exf5 d5 12.fxe6 Bxe6 13.Nxe6 fxe6 14.Bd3 c5 15.Bg5 
Rf8 16.Qe2 c4 17.Qxe6 cxd3 18.Bxf6 Rxf6 19.Rxf6 Bxf6 20.Qxf6 dxc2 21.Re1 
Ra7 22.Qe6 Rc7 23.Nxd5 Qxd5 24.Qxd5 c1=Q 25.Qh5+ Kd7 26.Rxc1 Rxc1+ 27.Kf2 
Rc2+ 28.Ke3 Rxb2 29.Qxh7 Rb3+ 30.Kf4 Rb4 31.Ke5 Rxa4 32.Kf6 Rxd4 33.Qxe7+ 
Kc6 34.g4 a5 35.g5 a4 36.g6 Rd6+ 37.Qxd6+ 1-0

[Event "66th POL-ch (w)"]
[Site "Warsaw POL"]
[Date "2014.03.26"]
[Round "2"]
[White "Iwanow, Anna"]
[Black "Jakubiec, Edyta"]
[Result "1/2-1/2"]
[WhiteElo "2208"]
[BlackElo "2218"]
[EventDate "2014.03.25"]
[PlyCount "60"]

1.e4 e6 2.d4 d5 3.Nc3 Bb4 4.exd5 exd5 5.Bd3 Nc6 6.a3 Be7 7.Nge2 Nf6 8.Bf4 
Bg4 9.f3 Be6 10.Qd2 Qd7 11.O-O-O h5 12.Nb5 Bd8 13.Be5 a6 14.Nbc3 Nxe5 15.
dxe5 Ng8 16.Nd4 Be7 17.Nxe6 Qxe6 18.f4 O-O-O 19.Ne2 Nh6 20.Qa5 c5 21.h3 
Kb8 22.Rhe1 g6 23.Kb1 Rc8 24.c4 dxc4 25.Be4 Rhd8 26.Nc3 Rd4 27.Bd5 Qf5+ 
28.Be4 Qe6 29.Bd5 Qf5+ 30.Be4 Qe6 1/2-1/2

[Event "66th POL-ch (w)"]
[Site "Warsaw POL"]
[Date "2014.03.26"]
[Round "2"]
[White "Szczepkowska-Horowska, Karina"]
[Black "Rajlich, Iweta"]
[Result "1/2-1/2"]
[WhiteElo "2396"]
[BlackElo "2400"]
[EventDate "2014.03.25"]
[PlyCount "91"]

1.e4 e6 2.d4 d5 3.Nd2 Be7 4.c3 c5 5.dxc5 Nf6 6.exd5 Qxd5 7.b4 Qe5+ 8.Ne2 
O-O 9.Nc4 Qe4 10.Qd4 Qc2 11.Qd2 Qe4 12.Qf4 Qd5 13.Ne3 Qd8 14.Bb2 Nd5 15.
Nxd5 exd5 16.Qd2 Nc6 17.Rd1 Re8 18.Qxd5 Qxd5 19.Rxd5 Be6 20.Rd2 Bxa2 21.
Nc1 Bg5+ 22.Re2 Bc4 23.h4 Bxe2 24.Bxe2 Bf6 25.b5 Na5 26.O-O Rac8 27.Ba3 
Bxc3 28.Bg4 Rcd8 29.Ne2 Be5 30.Bb4 Nb3 31.c6 bxc6 32.bxc6 Bc7 33.Nc3 Re5 
34.f4 Bb6+ 35.Kh2 Rd4 36.fxe5 Rxg4 37.Nd5 Rxh4+ 38.Kg3 Rc4 39.Bd6 Nd4 40.
Nxb6 axb6 41.Ra1 f6 42.Ra8+ Kf7 43.Rf8+ Ke6 44.Re8+ Kf7 45.Rf8+ Ke6 46.
Re8+ 1/2-1/2

[Event "66th POL-ch (w)"]
[Site "Warsaw POL"]
[Date "2014.03.26"]
[Round "2"]
[White "Worek, Joanna"]
[Black "Socko, Monika"]
[Result "0-1"]
[WhiteElo "2346"]
[BlackElo "2446"]
[EventDate "2014.03.25"]
[PlyCount "116"]

1.d4 Nf6 2.Nf3 g6 3.c4 Bg7 4.Nc3 d6 5.e4 O-O 6.Be2 e5 7.Be3 exd4 8.Nxd4 
Re8 9.f3 c6 10.Bf2 d5 11.exd5 cxd5 12.O-O Nc6 13.c5 Nh5 14.g3 Bh3 15.Re1 
Qg5 16.Ndb5 Rad8 17.Nd6 Bxc3 18.bxc3 Re7 19.Qa4 Qf6 20.Bd4 Nxd4 21.Qxd4 b6
22.Qxf6 Nxf6 23.Ba6 Rxe1+ 24.Rxe1 bxc5 25.Nb5 Be6 26.a4 d4 27.cxd4 cxd4 
28.Rd1 Bc4 29.Bb7 d3 30.Rd2 a5 31.Na3 Bb3 32.Ba6 Bxa4 33.Rxd3 Rxd3 34.Bxd3
Kf8 35.Kf2 Ke7 36.Ke3 Bc6 37.Be2 Nd7 38.Kd4 Ke6 39.Bc4+ Kf6 40.f4 Ke7 41.
g4 Nf6 42.g5 Nh5 43.Ke3 Ng7 44.Bd3 Ne6 45.h4 Ng7 46.Kd4 f6 47.Bc2 a4 48.
Nc4 Ne6+ 49.Ke3 Bd5 50.Na3 Bb3 51.Bb1 f5 52.h5 Kd6 53.h6 Kc5 54.Bd3 Kb4 
55.Nb1 Ba2 56.Nd2 a3 57.Nf3 Bd5 58.Bb1 Kc3 0-1

[Event "66th POL-ch (w)"]
[Site "Warsaw POL"]
[Date "2014.03.26"]
[Round "2"]
[White "Zawadzka, Jolanta"]
[Black "Kulon, Klaudia"]
[Result "1-0"]
[WhiteElo "2394"]
[BlackElo "2308"]
[EventDate "2014.03.25"]
[PlyCount "83"]

1.e4 c5 2.Nf3 d6 3.d4 cxd4 4.Nxd4 Nf6 5.Nc3 g6 6.Be3 Bg7 7.f3 Nc6 8.Qd2 
O-O 9.O-O-O Nxd4 10.Bxd4 Be6 11.Kb1 Qc7 12.Nd5 Nxd5 13.Bxg7 Kxg7 14.exd5 
Bd7 15.h4 h5 16.g4 Rh8 17.Qd4+ Kg8 18.Bd3 Rc8 19.Rde1 e5 20.dxe6 Bxe6 21.
Qf6 Qd8 22.Rxe6 fxe6 23.Qxe6+ Kf8 24.gxh5 Rc7 25.hxg6 Rxh4 26.Rxh4 Qxh4 
27.Qxd6+ Qe7 28.Qf4+ Kg7 29.a3 Qc5 30.Qh2 Re7 31.Qh7+ Kf6 32.Qh8+ Ke6 33.
Ka2 Qe5 34.Qc8+ Kd6 35.Qb8+ Ke6 36.Qf8 Qf6 37.Bc4+ Kf5 38.Bf7 Kf4 39.g7 
Rxf7 40.Qb4+ Kxf3 41.g8=Q Rg7 42.Qd5+ 1-0

[Event "66th POL-ch (w)"]
[Site "Warsaw POL"]
[Date "2014.03.27"]
[Round "3"]
[White "Bartel, Marta"]
[Black "Worek, Joanna"]
[Result "1/2-1/2"]
[WhiteElo "2342"]
[BlackElo "2346"]
[EventDate "2014.03.25"]
[PlyCount "197"]

1.d4 d5 2.Nf3 c6 3.e3 Bg4 4.Be2 Nf6 5.h3 Bh5 6.c4 e6 7.Nc3 Nbd7 8.O-O Bd6 
9.b3 O-O 10.Bb2 Qe7 11.Ne5 Bxe2 12.Nxe2 Rac8 13.Rc1 Bb8 14.Ng3 Rfd8 15.Qe2
a6 16.f4 Ne4 17.Nxe4 dxe4 18.Nxd7 Rxd7 19.g4 Rcd8 20.Qg2 Qh4 21.b4 e5 22.
fxe5 Bxe5 23.Rf5 Bc7 24.Rcf1 Rf8 25.Bc3 Qh6 26.g5 Qe6 27.c5 Qc4 28.Be1 g6 
29.Rf6 Qd3 30.Bf2 a5 31.bxa5 Ra8 32.Qg4 Re7 33.h4 Bxa5 34.h5 Bd2 35.Qh3 
Qe2 36.Kg2 Qxh5 37.Qxh5 gxh5 38.Ra1 Ra3 39.Kf1 Bxe3 40.Bxe3 Rxe3 41.a4 Rd3
42.Rd6 h4 43.a5 h3 44.Ke2 Rg3 45.a6 bxa6 46.Rxc6 e3 47.Rh6 Rg2+ 48.Kf3 
Rf2+ 49.Kg3 Rd2 50.Rxh3 Rxd4 51.Rhh1 Rc7 52.Rhc1 Rd5 53.c6 a5 54.Kf3 Re5 
55.Ke2 Kg7 56.Ra3 Re6 57.Rxa5 Rcxc6 58.Rxc6 Rxc6 59.Kxe3 Kg6 60.Kf4 Rc4+ 
61.Kg3 Rb4 62.Rc5 Rb1 63.Ra5 Kh5 64.Rf5 Rb3+ 65.Kf4 Rb4+ 66.Kg3 Kg6 67.Ra5
Rb1 68.Rc5 Rh1 69.Kg4 Rg1+ 70.Kh4 Kg7 71.Ra5 h6 72.gxh6+ Kxh6 73.Ra6+ Kg7 
74.Ra3 Kg6 75.Rf3 f6 76.Ra3 Rb1 77.Kg3 Kg5 78.Kf3 f5 79.Rc3 Rf1+ 80.Kg2 
Rf4 81.Ra3 Rg4+ 82.Kf2 Rh4 83.Rg3+ Kf4 84.Rf3+ Ke5 85.Re3+ Kf6 86.Ra3 Rh2+
87.Kg3 Rb2 88.Kf4 Rb4+ 89.Kf3 Kg5 90.Rc3 Rb1 91.Ra3 Rf1+ 92.Kg2 Rf4 93.Kg3
Rg4+ 94.Kf2 Kh4 95.Ra8 Rb4 96.Kf3 Kg5 97.Rg8+ Kf6 98.Rf8+ Ke6 99.Re8+ 
1/2-1/2

[Event "66th POL-ch (w)"]
[Site "Warsaw POL"]
[Date "2014.03.27"]
[Round "3"]
[White "Jakubiec, Edyta"]
[Black "Zawadzka, Jolanta"]
[Result "0-1"]
[WhiteElo "2218"]
[BlackElo "2394"]
[EventDate "2014.03.25"]
[PlyCount "82"]

1.Nf3 d5 2.c4 c6 3.cxd5 cxd5 4.d4 Nf6 5.Nc3 Nc6 6.Bf4 a6 7.Ne5 Qb6 8.Nxc6 
Qxc6 9.e3 Bg4 10.Be2 Bxe2 11.Qxe2 e6 12.O-O Be7 13.Rac1 Qd7 14.h3 O-O 15.
Rc2 Rfc8 16.Rfc1 b5 17.Qd3 Bb4 18.Nb1 Ne8 19.a3 Be7 20.Nd2 Bd6 21.Bxd6 
Nxd6 22.Rxc8+ Rxc8 23.Rxc8+ Qxc8 24.Nb3 Qc4 25.Qd1 h6 26.Nc5 a5 27.b3 Qc3 
28.a4 b4 29.Qd3 Qe1+ 30.Qf1 Qc3 31.Qd3 Qb2 32.Qd1 g6 33.g3 Kg7 34.Kg2 h5 
35.Kg1 Nf5 36.Nb7 Qc3 37.Nc5 e5 38.g4 hxg4 39.hxg4 Nh4 40.Qd3 Nf3+ 41.Kh1 
Qc1+ 0-1

[Event "66th POL-ch (w)"]
[Site "Warsaw POL"]
[Date "2014.03.27"]
[Round "3"]
[White "Kulon, Klaudia"]
[Black "Szczepkowska-Horowska, Karina"]
[Result "1-0"]
[WhiteElo "2308"]
[BlackElo "2396"]
[EventDate "2014.03.25"]
[PlyCount "69"]

1.e4 e5 2.Nf3 Nc6 3.Bc4 Nf6 4.Ng5 d5 5.exd5 Na5 6.Bb5+ c6 7.dxc6 bxc6 8.
Be2 h6 9.Nh3 g5 10.d3 Bg7 11.Nc3 O-O 12.Ng1 Nd5 13.Nxd5 cxd5 14.h4 gxh4 
15.Nf3 h3 16.gxh3 Nc6 17.c3 e4 18.dxe4 dxe4 19.Qxd8 Rxd8 20.Nd2 Ne5 21.
Nxe4 Nd3+ 22.Bxd3 Rxd3 23.Rg1 Kh7 24.Be3 Rb8 25.Bd4 Bxd4 26.cxd4 Bxh3 27.
Rd1 Rf3 28.Ke2 Rf4 29.Ke3 Rh4 30.Nf6+ Kh8 31.Rc1 Bf5 32.Rc7 Rd8 33.Rxf7 
Rhxd4 34.Rgg7 Rd3+ 35.Kf4 1-0

[Event "66th POL-ch (w)"]
[Site "Warsaw POL"]
[Date "2014.03.27"]
[Round "3"]
[White "Rajlich, Iweta"]
[Black "Adamowicz, Katarzyna"]
[Result "1-0"]
[WhiteElo "2400"]
[BlackElo "2145"]
[EventDate "2014.03.25"]
[PlyCount "113"]

1.d4 Nf6 2.c4 g6 3.Nc3 Bg7 4.e4 d6 5.Nf3 O-O 6.Be3 e5 7.d5 Ng4 8.Bg5 f6 9.
Bh4 g5 10.Bg3 Nh6 11.Nd2 Nd7 12.h4 g4 13.Be2 f5 14.exf5 Nf6 15.Nde4 Bxf5 
16.Nxf6+ Qxf6 17.h5 Rae8 18.Qd2 Nf7 19.Bh4 Qh6 20.Qxh6 Bxh6 21.f3 gxf3 22.
gxf3 Bg5 23.Rg1 h6 24.Nb5 Re7 25.Nxa7 Kh7 26.Bxg5 Nxg5 27.Nb5 Bc8 28.Rf1 
Bh3 29.Rf2 e4 30.fxe4 Rxf2 31.Kxf2 Nxe4+ 32.Kg1 Ng5 33.Bd3+ Kh8 34.Kf2 
Rf7+ 35.Ke3 Rf3+ 36.Kd2 Rf2+ 37.Kc3 Nf3 38.Nxc7 Ne5 39.Bg6 Bd7 40.Rg1 Rf6 
41.a4 Bxa4 42.Ra1 Nxg6 43.hxg6 Bd7 44.Ra8+ Kg7 45.Rd8 Rf3+ 46.Kb4 Bf5 47.
Rxd6 Bxg6 48.Ne6+ Kf7 49.Rd7+ Kf6 50.Rxb7 h5 51.Rb8 Bf7 52.Rh8 Rf5 53.Rh6+
Ke7 54.d6+ Kd7 55.Nc5+ Kc6 56.d7+ Kc7 57.Rh8 1-0

[Event "66th POL-ch (w)"]
[Site "Warsaw POL"]
[Date "2014.03.27"]
[Round "3"]
[White "Socko, Monika"]
[Black "Iwanow, Anna"]
[Result "1-0"]
[WhiteElo "2446"]
[BlackElo "2208"]
[EventDate "2014.03.25"]
[PlyCount "55"]

1.d4 Nf6 2.c4 g6 3.Nf3 Bg7 4.g3 O-O 5.Bg2 d6 6.O-O Nbd7 7.Nc3 e5 8.e4 exd4
9.Nxd4 a6 10.h3 Rb8 11.Be3 c5 12.Nde2 b5 13.cxb5 axb5 14.Qxd6 Re8 15.Rfd1 
Qa5 16.a3 Bf8 17.Qd2 b4 18.axb4 Qxb4 19.Bf4 Ne5 20.Bxe5 Rxe5 21.f4 Re6 22.
e5 Ne8 23.Ra4 Qxb2 24.Qxb2 Rxb2 25.Rd8 Ba6 26.Bd5 Nc7 27.Bxe6 Nxe6 28.
Rxf8+ 1-0

[Event "66th POL-ch (w)"]
[Site "Warsaw POL"]
[Date "2014.03.28"]
[Round "4"]
[White "Iwanow, Anna"]
[Black "Bartel, Marta"]
[Result "0-1"]
[WhiteElo "2208"]
[BlackElo "2342"]
[EventDate "2014.03.25"]
[PlyCount "80"]

1.e4 c5 2.Nf3 d6 3.d4 cxd4 4.Nxd4 Nf6 5.Nc3 Nc6 6.Bg5 e6 7.Qd2 a6 8.f3 h6 
9.Be3 Qc7 10.O-O-O Rb8 11.Bd3 Be7 12.g4 Nxd4 13.Bxd4 b5 14.h4 b4 15.Ne2 e5
16.Bf2 Be6 17.g5 Nd7 18.Kb1 Nc5 19.b3 a5 20.f4 Bg4 21.Bxc5 Qxc5 22.f5 d5 
23.exd5 Qxd5 24.f6 gxf6 25.g6 Kf8 26.h5 f5 27.Qe3 Qc5 28.Qg3 fxg6 29.hxg6 
Kg7 30.Qg2 Bf6 31.Ng3 e4 32.Bc4 Rbd8 33.Rxd8 Rxd8 34.Qh2 Rh8 35.Re1 Qe5 
36.c3 bxc3 37.Kc2 Rd8 38.Qg1 Rd2+ 39.Kc1 Bg5 40.Nxe4 fxe4 0-1

[Event "66th POL-ch (w)"]
[Site "Warsaw POL"]
[Date "2014.03.28"]
[Round "4"]
[White "Kulon, Klaudia"]
[Black "Jakubiec, Edyta"]
[Result "1-0"]
[WhiteElo "2308"]
[BlackElo "2218"]
[EventDate "2014.03.25"]
[PlyCount "73"]

1.c4 e5 2.g3 Nf6 3.Bg2 c6 4.e3 d5 5.cxd5 cxd5 6.d4 e4 7.Ne2 Nc6 8.O-O Bd6 
9.b3 O-O 10.Ba3 Nb4 11.Qd2 a5 12.Nbc3 Bd7 13.Nf4 Bxf4 14.exf4 Re8 15.Bxb4 
axb4 16.Nd1 Bb5 17.Re1 Qd6 18.Ne3 Bd3 19.Bf1 Qb6 20.Bxd3 Qxd4 21.Nf5 Qxd3 
22.Qxb4 Qf3 23.a4 Rad8 24.Rac1 Qh5 25.Nh4 d4 26.Rcd1 d3 27.Rd2 Nd5 28.Qxb7
Rb8 29.Rxe4 Nxf4 30.gxf4 Qxh4 31.Rxd3 Rec8 32.Qe7 Qg4+ 33.Rg3 Rc1+ 34.Kg2 
Qc8 35.f5 Rc6 36.b4 h5 37.f6 1-0

[Event "66th POL-ch (w)"]
[Site "Warsaw POL"]
[Date "2014.03.28"]
[Round "4"]
[White "Szczepkowska-Horowska, Karina"]
[Black "Adamowicz, Katarzyna"]
[Result "1-0"]
[WhiteElo "2396"]
[BlackElo "2145"]
[EventDate "2014.03.25"]
[PlyCount "143"]

1.e4 e5 2.Nf3 Nc6 3.Bb5 Nf6 4.d3 d6 5.c3 a6 6.Ba4 b5 7.Bc2 Be7 8.O-O O-O 
9.a4 Bb7 10.Re1 Re8 11.Nbd2 Bf8 12.Nf1 g6 13.h3 Bg7 14.N3h2 d5 15.Ng4 Nxg4
16.hxg4 Na5 17.Qf3 c5 18.Ne3 d4 19.Nd5 Bxd5 20.exd5 Qd6 21.Bd2 b4 22.c4 f6
23.Bd1 Rf8 24.Qh3 Rf7 25.f4 Re8 26.fxe5 fxe5 27.b3 Qf6 28.Qg3 Ref8 29.Rb1 
Nb7 30.Bf3 Nd6 31.Re2 a5 32.Rbe1 Re8 33.Qh3 Qd8 34.Qh2 Qf6 35.Qh3 Qd8 36.
Rd1 Qf6 37.Be1 Rfe7 38.Bg3 Nf7 39.Bh4 Ng5 40.Bxg5 Qxg5 41.d6 Ra7 42.Bd5+ 
Kh8 43.Rf1 Rf8 44.Rxf8+ Bxf8 45.Qf3 Bxd6 46.g3 Rd7 47.Rf2 Rd8 48.Qf6+ Qxf6
49.Rxf6 Rd7 50.Bc6 Kg7 51.g5 Rd8 52.Bd5 e4 53.Rf7+ Kh8 54.Bxe4 Bxg3 55.Ra7
Rc8 56.Rxa5 Bf4 57.Rb5 Be3+ 58.Kg2 Rc7 59.a5 Ra7 60.Rxc5 Kg7 61.Rb5 Kf7 
62.Bb7 Bxg5 63.a6 Be7 64.Rd5 h5 65.Rxd4 g5 66.Rd5 h4 67.Kh3 Ke6 68.Kg4 Bf6
69.d4 Ke7 70.c5 Ke8 71.c6 Bd8 72.Rd7 1-0

[Event "66th POL-ch (w)"]
[Site "Warsaw POL"]
[Date "2014.03.28"]
[Round "4"]
[White "Worek, Joanna"]
[Black "Rajlich, Iweta"]
[Result "0-1"]
[WhiteElo "2346"]
[BlackElo "2400"]
[EventDate "2014.03.25"]
[PlyCount "74"]

1.Nf3 c5 2.c4 Nc6 3.Nc3 g6 4.d4 cxd4 5.Nxd4 Bg7 6.Nc2 d6 7.e4 Bxc3+ 8.bxc3
Qa5 9.Be2 Nf6 10.f3 Qxc3+ 11.Bd2 Qe5 12.O-O Nd4 13.Bd3 Nxc2 14.Qxc2 Bd7 
15.Kh1 O-O 16.Bc3 Qc5 17.e5 dxe5 18.Qb2 Qe3 19.Bc2 Qb6 20.Qa3 Qe6 21.Rfe1 
Rac8 22.Bxe5 Rfe8 23.Qxa7 Qxc4 24.Bb3 Qa6 25.Qe3 Ba4 26.Rad1 Bxb3 27.Qxb3 
Qc6 28.Bb2 Nh5 29.Qe3 Qb5 30.Rd2 Rc6 31.Red1 Re6 32.Qf2 f6 33.Rc2 Ng7 34.
Rcd2 Kf7 35.Ba3 Ra8 36.Rb2 Qa4 37.Rd3 Qc4 0-1

[Event "66th POL-ch (w)"]
[Site "Warsaw POL"]
[Date "2014.03.28"]
[Round "4"]
[White "Zawadzka, Jolanta"]
[Black "Socko, Monika"]
[Result "0-1"]
[WhiteElo "2394"]
[BlackElo "2446"]
[EventDate "2014.03.25"]
[PlyCount "68"]

1.e4 e6 2.d4 d5 3.Nc3 Bb4 4.e5 c5 5.a3 Bxc3+ 6.bxc3 Qc7 7.Qg4 f6 8.Qg3 
fxe5 9.dxe5 Nc6 10.Nf3 Nh6 11.Bxh6 gxh6 12.Be2 Bd7 13.Qh4 Nxe5 14.O-O Ng6 
15.Qxh6 O-O-O 16.Rfe1 e5 17.Ng5 Rhg8 18.g3 Bf5 19.c4 Rd6 20.Qh5 h6 21.Nf3 
Rf6 22.cxd5 Nf4 23.Qh4 Qd6 24.Bd3 Nh3+ 25.Kg2 Nf4+ 26.Kg1 Bd7 27.Nxe5 Nh3+
28.Kg2 Rf4 29.Qh5 Rxf2+ 30.Kh1 Rg5 31.Qh4 Rxe5 32.c4 Ng5 33.g4 Rxe1+ 34.
Rxe1 Qf4 0-1

[Event "66th POL-ch (w)"]
[Site "Warsaw POL"]
[Date "2014.03.29"]
[Round "5"]
[White "Adamowicz, Katarzyna"]
[Black "Worek, Joanna"]
[Result "1-0"]
[WhiteElo "2145"]
[BlackElo "2346"]
[EventDate "2014.03.25"]
[PlyCount "67"]

1.e4 c5 2.Nf3 d6 3.d4 cxd4 4.Nxd4 Nf6 5.Nc3 a6 6.Bg5 Nbd7 7.f4 g6 8.Qf3 
Bg7 9.O-O-O Qa5 10.Kb1 h6 11.Bh4 e5 12.Nb3 Qc7 13.g4 exf4 14.g5 Ne5 15.
Qxf4 Nh5 16.Nd5 Qc6 17.Qf2 Bg4 18.Be2 Bxe2 19.Qxe2 Nc4 20.c3 Be5 21.Rhf1 
b5 22.Qf2 Qb7 23.gxh6 Rxh6 24.Nd2 Rc8 25.Ka1 b4 26.Ne7 f6 27.Nxc8 Qxc8 28.
Nxc4 Qxc4 29.cxb4 Qxb4 30.Rc1 Nf4 31.Rc8+ Kd7 32.Qa7+ Kxc8 33.Rc1+ Kd8 34.
Qa8+ 1-0

[Event "66th POL-ch (w)"]
[Site "Warsaw POL"]
[Date "2014.03.29"]
[Round "5"]
[White "Bartel, Marta"]
[Black "Zawadzka, Jolanta"]
[Result "0-1"]
[WhiteElo "2342"]
[BlackElo "2394"]
[EventDate "2014.03.25"]
[PlyCount "120"]

1.d4 d5 2.Nf3 c6 3.c4 e6 4.Nbd2 Nf6 5.g3 Be7 6.Bg2 O-O 7.O-O b6 8.Qc2 Bb7 
9.e4 Na6 10.e5 Nd7 11.a3 c5 12.cxd5 Bxd5 13.dxc5 Naxc5 14.b4 Nb7 15.Ne4 
Rc8 16.Qb1 h6 17.Bb2 a5 18.Nc3 Bc6 19.b5 Bxf3 20.Bxf3 Nbc5 21.Ne4 Qc7 22.
Nxc5 Qxc5 23.a4 Nxe5 24.Bb7 Rb8 25.Qe4 Ng6 26.h4 Rfd8 27.Bc6 Qb4 28.h5 
Qxe4 29.Bxe4 Nf8 30.Rac1 Nd7 31.Rc7 Bd6 32.Rc6 Nc5 33.Bc2 Be7 34.Bc3 Rdc8 
35.Rb1 Bf6 36.Bd2 Bd4 37.Kg2 Kf8 38.Rd1 e5 39.Bc1 Rxc6 40.bxc6 Rc8 41.f4 
Rxc6 42.fxe5 Bxe5 43.Ba3 Ke7 44.g4 Bc3 45.Rf1 Rd6 46.Rf2 Rd4 47.Kf3 Ke8 
48.Re2+ Ne6 49.Bc1 Kd7 50.Be3 Rb4 51.Bd3 Bd4 52.Bb5+ Kd6 53.Bd2 Rb3+ 54.
Ke4 Kc5 55.Bc1 Rc3 56.Bd2 Rg3 57.Kf5 Kd5 58.g5 hxg5 59.Ba6 g6+ 60.hxg6 
Ng7# 0-1

[Event "66th POL-ch (w)"]
[Site "Warsaw POL"]
[Date "2014.03.29"]
[Round "5"]
[White "Jakubiec, Edyta"]
[Black "Szczepkowska-Horowska, Karina"]
[Result "0-1"]
[WhiteElo "2218"]
[BlackElo "2396"]
[EventDate "2014.03.25"]
[PlyCount "80"]

1.e4 d6 2.d4 g6 3.Nf3 Bg7 4.c3 Nf6 5.Bd3 O-O 6.O-O Nbd7 7.Re1 e5 8.dxe5 
dxe5 9.Qc2 c6 10.Bf1 Re8 11.Nbd2 Qc7 12.b3 Nf8 13.a4 Nh5 14.Ba3 c5 15.Rad1
Nf4 16.h3 h6 17.Nc4 Be6 18.Nd6 Reb8 19.Bb2 a6 20.Kh2 Rd8 21.Nc4 b5 22.axb5
axb5 23.Na3 c4 24.b4 Qb6 25.Kg1 g5 26.Rxd8 Rxd8 27.Rd1 Ra8 28.Nh2 h5 29.
Qd2 N8g6 30.Qd6 Qb7 31.Qc5 Qxe4 32.f3 Qb7 33.Nxb5 Nd3 34.Bxd3 cxd3 35.c4 
Ra2 36.Bc1 Bf8 37.Qe3 Bxc4 38.Nc3 Rc2 39.Ne4 Be7 40.Nxg5 Re2 0-1

[Event "66th POL-ch (w)"]
[Site "Warsaw POL"]
[Date "2014.03.29"]
[Round "5"]
[White "Rajlich, Iweta"]
[Black "Iwanow, Anna"]
[Result "0-1"]
[WhiteElo "2400"]
[BlackElo "2208"]
[EventDate "2014.03.25"]
[PlyCount "100"]

1.d3 e5 2.Nf3 Nc6 3.c4 Bc5 4.a3 a5 5.Nxe5 Bxf2+ 6.Kxf2 Nxe5 7.Nc3 Ra6 8.
Ke1 Rg6 9.Bf4 d6 10.d4 Ng4 11.g3 h5 12.Bg2 h4 13.Qa4+ c6 14.c5 Ne7 15.cxd6
Nf5 16.Kd2 Qb6 17.Be4 Nxd4 18.Bxg6 fxg6 19.b4 g5 20.Nd5 Nf3+ 21.Kc1 Qd4 
22.Nc7+ Kf8 23.Ra2 gxf4 24.exf3 Qe3+ 25.Rd2 Nf2 26.Rf1 hxg3 27.Qxa5 g2 28.
Rg1 Qc3+ 29.Rc2 Qa1+ 30.Kd2 Qd4+ 31.Kc1 Nd3+ 32.Kb1 Qxg1+ 33.Ka2 Qd4 34.
Rxg2 Qc4+ 35.Ka1 Qc3+ 36.Kb1 Qc1+ 37.Ka2 Qc4+ 38.Ka1 Qd4+ 39.Kb1 Qxd6 40.
Re2 Kf7 41.Ne8 Qd7 42.Nxg7 Nxb4 43.Kc1 Nd5 44.Ne6 Qe7 45.Nd4 Qf6 46.Re4 
Bf5 47.Nxf5 Qa1+ 48.Kc2 Rxh2+ 49.Kb3 Rb2+ 50.Kc4 Rc2+ 0-1

[Event "66th POL-ch (w)"]
[Site "Warsaw POL"]
[Date "2014.03.29"]
[Round "5"]
[White "Socko, Monika"]
[Black "Kulon, Klaudia"]
[Result "1/2-1/2"]
[WhiteElo "2446"]
[BlackElo "2308"]
[EventDate "2014.03.25"]
[PlyCount "92"]

1.d4 Nf6 2.c4 g6 3.Nc3 d5 4.Bf4 Bg7 5.Nf3 O-O 6.Rc1 dxc4 7.e4 Bg4 8.Bxc4 
Nh5 9.Be3 Bxf3 10.gxf3 e5 11.dxe5 Bxe5 12.Qxd8 Rxd8 13.Ne2 Nc6 14.O-O Na5 
15.b4 Nxc4 16.Rxc4 c6 17.f4 Bd6 18.e5 Bf8 19.Nd4 a5 20.bxa5 Rxa5 21.Rb1 
Rd7 22.a4 Rad5 23.Nf3 Ng7 24.Ng5 Nf5 25.Ne4 Kg7 26.Kf1 Nxe3+ 27.fxe3 Rd1+ 
28.Rxd1 Rxd1+ 29.Kf2 Be7 30.Rd4 Rxd4 31.exd4 f5 32.exf6+ Bxf6 33.Ke3 Be7 
34.Nd2 g5 35.Ne4 Kg6 36.fxg5 Bxg5+ 37.Nxg5 Kxg5 38.d5 cxd5 39.Kd4 Kg4 40.
Kxd5 Kh3 41.Kc5 Kxh2 42.Kb6 Kg1 43.a5 h5 44.Kxb7 h4 45.a6 h3 46.a7 h2 
1/2-1/2

[Event "66th POL-ch (w)"]
[Site "Warsaw POL"]
[Date "2014.03.30"]
[Round "6"]
[White "Iwanow, Anna"]
[Black "Adamowicz, Katarzyna"]
[Result "1/2-1/2"]
[WhiteElo "2208"]
[BlackElo "2145"]
[EventDate "2014.03.25"]
[PlyCount "82"]

1.e4 e5 2.Nf3 Nc6 3.Nc3 Nf6 4.d4 exd4 5.Nxd4 Bb4 6.Nxc6 bxc6 7.Bd3 d5 8.
exd5 cxd5 9.O-O O-O 10.h3 h6 11.Qf3 c6 12.Bf4 Re8 13.Rad1 Be6 14.Ne2 Bd6 
15.Nd4 Bxf4 16.Qxf4 c5 17.Nxe6 Rxe6 18.c4 d4 19.Rfe1 Qb6 20.Rxe6 Qxe6 21.
a3 a5 22.Kf1 Re8 23.Qc7 Qe5 24.Qxe5 Rxe5 25.b4 cxb4 26.axb4 axb4 27.Rb1 
Kf8 28.Rxb4 Nd7 29.c5 Nxc5 30.Rxd4 Nxd3 31.Rxd3 Ke7 32.Ra3 Kf6 33.g3 h5 
34.Kg2 g6 35.Kf3 Re6 36.h4 Re5 37.Ra6+ Kg7 38.Rb6 Re7 39.Ra6 Re5 40.Rb6 
Re7 41.Ra6 Re5 1/2-1/2